Economic performance of the Slovak food industry
Ekonomicko-finančná pozícia slovenského potravinárskeho priemyslu v roku 2003. Pokles hospodárskeho výsledku potravinárov v porovnaní s rokom 2002. Príčiny poklesu v dôsledku v dôsledku rýchlejšieho poklesu výnosov ako nákladov, pri medziročnom zvýšení nákladovosti výnosov a zároveň poklese výroby....
Gespeichert in:
| 1. Verfasser: | |
|---|---|
| Format: | Buchkapitel |
| Sprache: | Englisch |
| Schlagworte: | |
| Tags: |
Keine Tags, Fügen Sie das erste Tag hinzu!
|
MARC
| LEADER | 00000naa$a2200000$$$4500 | ||
|---|---|---|---|
| 001 | 0023814 | ||
| 005 | 20231113140741.9 | ||
| 041 | 0 | |a eng | |
| 044 | |a CZ | ||
| 245 | 1 | 0 | |a Economic performance of the Slovak food industry |c Svetlana Belešová |
| 520 | |a Ekonomicko-finančná pozícia slovenského potravinárskeho priemyslu v roku 2003. Pokles hospodárskeho výsledku potravinárov v porovnaní s rokom 2002. Príčiny poklesu v dôsledku v dôsledku rýchlejšieho poklesu výnosov ako nákladov, pri medziročnom zvýšení nákladovosti výnosov a zároveň poklese výroby. Z celkového počtu prevažovali ziskové podniky, avšak medziročne sa zvýšil podiel stratových na úkor ziskových podnikov. Z najvýznamnejších odborov patrili škrobárenský, cukrovarnícky, cukrovinkársko-pečivárenský s výrobou kávovín medzi odbory, v korých boli všetky podniky ziskové. | ||
| 610 | 2 | 0 | |a potravinárstvo |
| 610 | 2 | 0 | |a výsledok hospodársky |
| 610 | 2 | 0 | |a vstupy |
| 610 | 2 | 0 | |a nákladovosť produkcie |
| 610 | 2 | 0 | |a výnosy |
| 610 | 2 | 0 | |a odbory výrobné |
| 610 | 2 | 0 | |a zisk |
| 610 | 2 | 0 | |a 2002-2004 |
| 100 | 1 | |a Belešová, Svetlana | |